| 000 | 00835cam a2200217 i 4500 | ||
|---|---|---|---|
| 020 | _a9781853396793 (pbk.) | ||
| 020 | _a1853396796 (pbk.) | ||
| 040 | _cBTCTA | ||
| 082 | _a636 LEG 2010 A084 Or. | ||
| 245 | 0 | 0 |
_aLivestock emergency guidelines and standards : _bLEGS. |
| 246 | 3 | 0 |
_aLEGS : _bLivestock Emergency Guidelines and Standards |
| 300 |
_axi, 260 pages : _billustrations ; _c21 cm. + _e1 CD-ROM (4 3/4 in.) |
||
| 650 | 0 | _aEmergency management. | |
| 650 | 0 | _aLivestock. | |
| 650 | 0 | _aAnimal welfare. | |
| 710 | 2 | _aLivestock Emergency Guidelines and Standards Project. | |
| 856 | 4 | 2 | _uhttp://www.loc.gov/catdir/enhancements/fy1116/2010285601-b.html |
| 856 | 4 | 2 | _uhttp://www.loc.gov/catdir/enhancements/fy1116/2010285601-d.html |
| 856 | 4 | 1 | _uhttp://www.loc.gov/catdir/enhancements/fy1116/2010285601-t.html |
| 942 | _cAEDBB | ||
| 999 |
_c21210 _d21210 |
||